Loading...
| History - American | 2 | 0 | 0 | 0 | 30 | 44 | 56.00 | 2 | 2 | 0.00 | 0.00 |
| History - World | 1 | 1 | 0 | 0 | 25 | 73 | 86.50 | 2 | 2 | 0.00 | 0.00 |
| Science - Chemistry | 0 | 2 | 0 | 0 | 20 | 74 | 78.50 | 2 | 2 | 0.00 | 0.00 |
| Philosophy | 1 | 0 | 0 | 0 | 15 | 46 | 46.00 | 1 | 1 | 0.00 | 0.00 |
| Science - Biology | 1 | 0 | 0 | 0 | 15 | 43 | 43.00 | 1 | 1 | 0.00 | 0.00 |
| 0 | 2 | 1 | 1 | 15 | 112 | 119.00 | 0 | 2 | 0.00 | 0.00 | |
| History - European | 1 | 0 | 0 | 0 | 15 | 46 | 46.00 | 0 | 1 | 0.00 | 0.00 |
| Literature - American | 1 | 0 | 0 | 0 | 15 | 61 | 61.00 | 0 | 1 | 0.00 | 0.00 |
| Social Science | 0 | 1 | 0 | 1 | 10 | 137 | 137.00 | 0 | 1 | 0.00 | 0.00 |
| Beliefs | 0 | 0 | 2 | 0 | -10 | 0.00 | 0 | 0 | 0.00 | 0.00 |